Visit to Utopia / (Record no. 36523)
[ view plain ]
| 000 -LEADER | |
|---|---|
| fixed length control field | 00716nam a22002292 4500 |
| 001 - CONTROL NUMBER | |
| control field | 36523 |
| 003 - CONTROL NUMBER IDENTIFIER | |
| rucl marc code | BD-RjUL |
| 005 - DATE AND TIME OF LATEST TRANSACTION | |
| control field | 20211209052511.0 |
| 008 - FIXED-LENGTH DATA ELEMENTS--GENERAL INFORMATION | |
| fixed length control field | 140625s1939 enk 000 0 eng d |
| 035 ## - SYSTEM CONTROL NUMBER | |
| System control number | OCLC ocm09116005 from D970505M |
| -- | (BD-RjUL)36623 |
| 040 ## - CATALOGING SOURCE | |
| Original cataloging agency | CRU |
| Transcribing agency | CRU |
| Modifying agency | BD-RjUL |
| Language of cataloging | eng |
| 041 ## - LANGUAGE CODE | |
| Language code of text/sound track or separate title | eng |
| 082 ## - DEWEY DECIMAL CLASSIFICATION NUMBER | |
| Author mark and year | WHV 1939 |
| Classification number | 321.07 |
| 090 ## - LOCALLY ASSIGNED LC-TYPE CALL NUMBER (OCLC); LOCAL CALL NUMBER (OCLC) | |
| Classification number (OCLC) (R) ; Classification number, CALL (RLIN) (NR) | PN56.U8 |
| Local cutter number (OCLC) ; Book number/undivided call number, CALL (RLIN) | W45 |
| 100 1# - MAIN ENTRY--PERSONAL NAME | |
| Personal name | Whitehouse, J. Howard |
| Fuller form of name | (John Howard), |
| Dates associated with a name | 1873-1955. |
| 9 (RLIN) | 68084 |
| 245 10 - TITLE STATEMENT | |
| Title | Visit to Utopia / |
| Statement of responsibility, etc. | by J. Howard Whitehouse. |
| 260 ## - PUBLICATION, DISTRIBUTION, ETC. (IMPRINT) | |
| Place of publication, distribution, etc. | London : |
| Name of publisher, distributor, etc. | Oxford University Press, |
| Date of publication, distribution, etc. | 1939. |
| 300 ## - PHYSICAL DESCRIPTION | |
| Pagination | 14 p. ; |
| Size | 17 cm. |
| 500 ## - GENERAL NOTE | |
| General note | "An address to the boys of Bembridge School." |
| 650 #0 - SUBJECT ADDED ENTRY--TOPICAL TERM | |
| Topical term or geographic name as entry element | Utopias in literature. |
| 9 (RLIN) | 111203 |
| 942 ## - ADDED ENTRY ELEMENTS (KOHA) | |
| Source of classification or shelving scheme | Dewey Decimal Classification |
| Koha item type | Books |
| Lost status | Source of classification or shelving scheme | Damaged status | Not for loan | Collection code | Permanent Location | Current Location | Shelving location | Date acquired | Total Checkouts | Full call number | Date last seen | Copy number | Koha item type |
|---|---|---|---|---|---|---|---|---|---|---|---|---|---|
| Dewey Decimal Classification | Not For Loan | Non-fiction | Central Library, University of Rajshahi | Central Library, University of Rajshahi | Reading Room | 25/06/2014 | 321.07 WHV 1939 | 25/06/2014 | C-1 | Books |